Double Threes: 3x3 Edition Quiz Stats

Quiz Updated Apr 6, 2012

Also try: Three of a Kind
Challenge
Share
Tweet
Embed
Score 0/33 Timer 06:00
0 Plays Today
Clue Answer % Correct
It can be said to Conrad Birdie or Miss American PieBye Bye
82.9%
Star Wars' BinksJar Jar
70.7%
Condiment for fish, or dental plaqueTartar
66.7%
An owie, or a Hanna-Barbera sidekickBooboo
59.7%
French confection, or something Ricky Martin shakesBonbon
59.5%
One of the Gabor sistersZsa Zsa
55%
A Madagascar primate, or a nautical affirmativeAye-Aye
51.4%
Internet Q & A site, or a ballroom danceCha cha
50.9%
First two words in response to 'Three Cheers for…'Hip Hip
50.5%
This fly is a leading transmitter of sleeping sicknessTsetse
46%
A GPS Navigation system, or Tina Weymouth's ClubTomTom
44.7%
Stimpy's 'Happy Happy' followup, or Uter's Marzipan treatJoy Joy
38.1%
Musical Dolls, or baby's first utteranceGoogoo
36.9%
Golfer Rodriguez, or a tropical alcoholic beverageChi Chi
36.1%
Dance associated with Toulouse Lautrec paintingsCan-can
34.8%
Loose Hawaiian dressMuumuu
33.7%
REM's debut album, or a heart irregularityMurmur
31.1%
Clue Answer % Correct
Expression of disapproval, or what Christopher Robin precedes 'It looks like rain' withTut tut
19.6%
Prickly pear fruit alternative, in 'The Bare Necessities'Pawpaw
16.6%
It's an Australasian possum, not a North African grain dishCuscus
15.4%
Hergé's Belgian boy reporter, or New Wave's Stephen DuffyTintin
15%
Bass playing Ramone, or Jazz's BridgewaterDee Dee
11.8%
A North African People, or a tightly woven carpet that originated with themBerber
11.8%
A hollow-point bullet, or Touché Turtle's sidekickDum Dum
11.1%
1952 - 1960 Kenyan uprising, or a card gameMau Mau
10.3%
From the World War I phonetic alphabet - anti-aircraftAck ack
10.1%
The first Inuit to play in the NHL is Nashville's JordinTootoo
9.1%
The Mikado's delicious heroineYum Yum
9%
Tiny East African antelope or, a 1960's Italian pop bandDik-dik
7.5%
Brian, who starred in 'Dream On' and 'Private Practice'Benben
6.9%
Arithmetic logic problem also marketed as CalcudokuKenKen
6.9%
Jacob, from Mordecai Richler's book seriesTwo-Two
4.6%
Breath freshener sold in packets of tiny squaresSen-Sen
4.5%

You're not logged in!

Compare scores with friends on all Sporcle quizzes.
Sign Up with Email
OR
Log In

You Might Also Like...

Show Comments

Extras

Top Quizzes Today


Score Distribution

Your Account Isn't Verified!

In order to create a playlist on Sporcle, you need to verify the email address you used during registration. Go to your Sporcle Settings to finish the process.